MARC

LEADER 00000nam2a2200000 4500
001 271086
005 20260316142131.0
035 |a (RuTPU)RU\TPU\book\294267 
090 |a 271086 
100 |a 20141003d1926 km y0rusy50 ca 
101 0 |a rus 
102 |a RU 
105 |a y z 001zy 
200 0 |a Т. 3: Развитие капитализма в России  |f  ред. и авт. предисл. Л. Б. Каменев 
210 |d 1926 
215 |a VII, 659 с. [2] вкл.л. 
316 |5 63413507: М-133533  |a На тит. л. имеется подпись прежнего владельца Пусторжевцева, вторая подпись не расшифрована 
317 |5 63413507: М-133533  |a Поступила в НТБ в 1970 г. в составе книжного собрания профессора ТПИ И. Н. Бутакова 
320 |a Приложения: с. 527-584 
320 |a Примечания: с. 585-613 
320 |a Словарь-указатель имен: с. 614-649 
320 |a Постраничные примечания 
461 1 |0 271079  |t Сочинения  |o в 30 т.  |f В. И. Ленин  |g Институт Ленина при Ц. К. В. К. П. (б.)  |e 3-е изд.  |c Москва  |c Ленинград  |n Государственное изд-во  |d 1925-1936  |v Т. 3: Развитие капитализма в России  |9 271079 
606 |a Ленин В. И.  |j Собрания сочинений  |2 stltpush  |3 (RuTPU)RU\TPU\subj\76035  |9 87496 
610 1 |a Россия 
610 1 |a 19 век 
610 1 |a экономическое развитие 
610 1 |a классовый состав 
610 1 |a общественный строй 
610 1 |a капитализм 
610 1 |a библиотека И. Н. Бутакова 
610 1 |a владельческая надпись 
686 |a Т3(2)6-8Ленин150  |2 rubbk 
700 1 |a Ленин  |b В. И.  |c настоящая фамилия Ульянов  |c российский политический деятель  |f 1870-1924  |g Владимир Ильич  |9 486 
702 1 |a Каменев  |b Л. Б.  |c настоящая фамилия Розенфельд  |c российский политический деятель  |f 1883-1936  |g Лев Борисович  |3 (RuTPU)RU\TPU\pers\12177  |4 340  |4 080  |9 3212 
712 0 2 |a Институт Ленина  |c Москва  |c 1923-1931  |9 89208 
801 1 |a RU  |b 63413507  |c 20141003 
801 2 |a RU  |b 63413507  |c 20190919  |g RCR 
942 |c BK